[Event "Hyères"]
[Site "?"]
[Date "2013.02.16"]
[Round "2"]
[White "Boelen, A.."]
[Black "Chung, M.."]
[Result "1/2-1/2"]
[WhiteElo "1886"]
[BlackElo "1807"]
[PlyCount "159"]

{Une partie tres animee !} 1. e4 c5 2. b4 cxb4 3. a3 d5 4. exd5 Qxd5 5. Nf3 e5
6. Bb2 Nc6 7. c4 Qe6 8. Bd3 Bd6 (8... f6 9. O-O Bc5) 9. O-O f6 10. Re1 Nge7 11.
axb4 Nxb4 12. Be4 Qxc4 13. d4 f5 14. dxe5 Bc5 15. Na3 Qf7 $6 (15... Qe6) 16. e6
Bxe6 $6 17. Ne5 (17. Ng5 {amene de grosses complications tactiques !} 17... Qg6
18. Nxe6 Qxe6 19. Bxb7 Bxf2+ 20. Kxf2 Qb6+ 21. Bd4 Qxb7 22. Bxg7 $18) 17... Qg8
18. Qa4+ (18. Nb5 $1 fxe4 19. Nc7+ Kf8 20. Rxe4 $1 $18) 18... Kf8 19. Bxb7 Rb8
20. Nd7+ (20. Bf3) 20... Bxd7 21. Qxd7 Qf7 22. Rad1 Qe8 23. Qxe8+ $6 ({
Il faut conserver les Dames !} 23. Qc7 {et si} 23... Bb6 $4 24. Bxg7+ $1 {1-0})
23... Kxe8 24. Bf3 $11 {l'avantage blanc s'est evapore !} 24... Nd3 25. Rxd3
Rxb2 26. Nc4 $1 (26. Be2) 26... Bxf2+ 27. Kf1 Bxe1 28. Nxb2 Bb4 $19 29. Rb3 Bd6
(29... a5) 30. Nc4 Bxh2 31. Kf2 Bc7 32. Rb7 Kd7 33. Rxa7 Rb8 34. Ne5+ Kc8 35.
Ke2 Rb2+ 36. Kd3 g5 37. Ra8+ Rb8 38. Ra7 g4 39. Bd1 Nd5 40. Nc6 Rb6 41. Nd4
Nf4+ 42. Kc4 Nxg2 43. Nxf5 h5 44. Ra8+ Kd7 45. Ba4+ Ke6 46. Ng7+ Kf6 47. Nxh5+
Kg5 48. Be8 Rh6 49. Ng7 Be5 50. Ra5 Kf4 51. Nh5+ Kf5 52. Kd3 Rxh5 (52... Rd6+)
53. Bxh5 $2 (53. Bd7+) 53... Nf4+ 54. Ke3 Nxh5 $19 55. Kf2 g3+ 56. Kf3 Kf6 57.
Ra6+ Kg5 58. Ra5 Kf5 59. Ra4 Nf6 60. Ra5 Ne4 61. Ra4 Ng5+ 62. Kg2 Bf4 63. Rb4
Kg4 64. Rb7 Nf3 65. Rg7+ Bg5 66. Rg8 Nh4+ 67. Kg1 Kh3 68. Kf1 (68. Rxg5 $4 Nf3+
{0-1}) 68... Nf3 69. Rh8+ Bh4 70. Rg8 Bg5 (70... Bf6) 71. Rh8+ Nh4 72. Re8 g2+
73. Kf2 Kh2 74. Re1 Bd8 75. Rb1 Nf5 ({Pourquoi pas} 75... Bb6+ 76. Ke2 {
et si les Noirs veulent eviter la finale F+C, ils peuvent essayer} 76... Kg3)
76. Kf3 Bb6 77. Rb2 Nh4+ 78. Kg4 Ng6 79. Kf5 Bd4 $4 80. Rxg2+ 1/2-1/2

[Event "Hyères"]
[Site "?"]
[Date "2013.02.16"]
[Round "1"]
[White "Penloup, D.."]
[Black "Benda, T.."]
[Result "0-1"]
[WhiteElo "1845"]
[BlackElo "1676"]
[PlyCount "94"]

1. e4 d5 2. exd5 Nf6 3. Nc3 Nxd5 4. Bc4 c6 5. Qf3 e6 6. Nge2 Nd7 7. d4 Be7 (
7... Qf6) 8. O-O N7f6 9. Bg5 O-O 10. Rad1 b5 11. Bb3 Bb7 12. Nxd5 exd5 13. c3
Bc8 14. h3 Ne4 15. Bxe7 Qxe7 16. Bc2 Nf6 17. Ng3 g6 18. Rde1 Qd6 19. Re3 Bd7
20. Rfe1 Rae8 21. a3 Rxe3 22. Rxe3 Re8 23. Rxe8+ Nxe8 24. Qe3 Qf6 25. Bd3 Nd6
$11 26. Qe5 Qe6 (26... Qxe5 27. dxe5 Nc4 28. Bxc4 bxc4 29. Ne2 f6 30. exf6 Kf7)
27. f4 f6 28. Qxe6+ Bxe6 29. Kf2 Kf7 30. Ke3 h6 31. h4 h5 32. b3 Bg4 33. Bc2 a5
34. Kd2 Bd7 35. Bd3 Bf5 36. Nxf5 Nxf5 37. Bxf5 gxf5 38. Kd3 Ke6 39. a4 bxa4 40.
b4 $4 {offre le point aux Noirs !} 40... axb4 41. cxb4 Kd6 42. Kc3 Kc7 43. Kb2
Kb6 44. Kc3 Kb5 45. g3 a3 $1 46. Kb3 a2 47. Kxa2 Kxb4 0-1

[Event "Hyères"]
[Site "?"]
[Date "2013.02.16"]
[Round "1"]
[White "Scheidegger, C.."]
[Black "Boelen, A.."]
[Result "0-1"]
[WhiteElo "1725"]
[BlackElo "1886"]
[PlyCount "110"]

1. e4 e5 2. Nf3 Nc6 3. Nc3 Nf6 4. Bc4 Be7 5. d3 d6 6. h3 Na5 7. Bb3 O-O (7...
Nxb3 8. axb3 O-O) (7... c6 8. O-O b5) 8. O-O Nxb3 9. axb3 c6 10. Be3 a6 11. d4
Qc7 12. Bg5 exd4 13. Qxd4 Be6 14. Rfe1 h6 15. Bh4 Rfe8 16. Rad1 Rad8 17. Qe3
Bc8 18. Nd4 Qa5 19. Qf3 Qh5 20. Qxh5 Nxh5 21. Bxe7 Rxe7 22. Re3 Nf4 23. Rde1
Rde8 24. Nde2 Ng6 25. Ng3 Re5 26. Nce2 Rc5 27. c3 f5 28. exf5 Rxe3 29. fxe3
Bxf5 30. Nd4 Bd7 31. Rf1 Re5 32. e4 Nh4 33. Rf4 g5 $6 (33... Ng6) 34. Rf6 c5
35. Nf3 Nxf3+ 36. gxf3 Re6 37. Nh5 Bc8 38. Kh2 Rxf6 39. Nxf6+ Kf7 40. Nd5 Ke6
41. Kg3 Ke5 42. h4 Be6 43. c4 Kd4 44. hxg5 hxg5 45. Nc7 Bd7 46. Nd5 Ke5 47. Ne3
b5 48. Ng4+ Kd4 49. f4 $4 (49. Nf6 $11) 49... gxf4+ 50. Kxf4 Bxg4 51. Kxg4 Kxe4
52. Kg5 bxc4 53. bxc4 Kd4 54. b3 Kc3 55. Kf5 Kxb3 0-1

[Event "Hyères"]
[Site "?"]
[Date "2013.02.16"]
[Round "1"]
[White "Féraud, G.."]
[Black "Ramazzotti, B.."]
[Result "1/2-1/2"]
[WhiteElo "1658"]
[BlackElo "1835"]
[PlyCount "70"]

1. d4 Nf6 2. c4 c5 3. d5 b5 4. cxb5 a6 5. b6 Qxb6 6. Nc3 g6 7. e4 d6 8. Nf3 Bg7
9. Be2 O-O 10. O-O a5 (10... Bg4) (10... Nbd7) (10... Nfd7) 11. Nd2 Ba6 12. Nc4
Qc7 13. f4 Nbd7 14. Rb1 Rfb8 15. Be3 Nb6 (15... Ng4 16. Bxg4 Bxc4) 16. Nd2 Nfd7
17. Bxa6 Rxa6 18. Qe2 c4 19. Nb5 Qc8 20. Nd4 $18 Nc5 21. Nc6 Rb7 22. Bxc5 dxc5
23. Nxc4 (23. b3 $1 {en profitant du clouage du Pc4 !}) 23... Nxc4 24. Qxc4
Rxc6 25. dxc6 Qxc6 26. e5 {
les compensations pour la qualite ne sont pas suffisantes !} 26... Rb4 27. Qc2
f6 28. a3 Rd4 29. exf6 Bxf6 30. b4 axb4 31. axb4 c4 32. Rf3 (32. b5 $1) 32...
Rd8 33. Rc1 (33. b5) 33... c3 34. Qb3+ Kg7 35. Rfxc3 $2 Bxc3 1/2-1/2